000 00567nam a2200217Ia 4500
003 OSt
005 20220928145319.0
006 a|||||r|||| 00| 0
007 ta
008 220927b |||||||| |||| 00| 0 eng d
024 _a80068
037 _cTextual
040 _aSDCL
_cSDCL
_beng
041 _2eng
_aeng
082 _aD6,8(B),2, N9
100 _aBeck Leland L
_9512540
245 0 _aSystem software
_b An introduction to system programming.
260 _c1999
942 _hD6,8(B),2, N9
_cTEXL
_2CC
999 _c833124
_d833124